O génio do mal (Record no. 45251)

MARC details
000 -Etiqueta do registo
Valores 00574cam a2200217 04500
021 ## - Número do Depósito Legal
Número 10117/85
100 ## - Dados gerais de processamento
Dados gerais 19860701d1986 m y0pory5003 ba
101 1# - Língua de publicação
Língua por
102 ## - País de publicação
País PT
200 1# - Titulo e menção de responsabilidade
Título próprio O génio do mal
Primeira menção de responsabilidade Condessa de Ségur
Outras menções de responsabilidade il. Jobbé-Duval
210 #9 - Publicação
Local de publicação Lisboa
Nome do editor Editorial Publica,
Data de publicação imp. 1986
215 ## - Descrição física 
Paginação / Volumes 189 p.
Outras indicações físicas il.
Dimensões 18 cm
675 ## - CDU
Notação 087.5
Edição BN
Língua por
675 ## - CDU
Notação 821.133.1-93"18"
Edição BN
Língua por
675 ## - CDU
Notação 821.133.1-31"18"
Edição BN
Língua por
700 #0 - Autor principal
Apelido Ségur,
Datas 1799-1874
702 #0 - Autor secundário
Apelido Jobbé-Duval
Função 440
801 #0 - Fonte de origem
País PT
Agência BN
Regras de catalogação RPC
990 ## - Elementos KOHA
Tipo de documento MON
Holdings
Aquisição Empréstimo Código de barras Cota Permissão de empréstimo Tipo de documento
Biblioteca Municipal de Redondo Biblioteca Municipal de Redondo 055563 82-93 SÈG   Livro

Powered by Koha